书目信息 |
| 题名: |
经济法基础知识
|
|
| 作者: | 刘超 主编 | |
| 分册: | ||
| 出版信息: | 北京 中国商业出版社 1991.5 |
|
| 页数: | 255页 | |
| 开本: | 19厘米 | |
| 丛书名: | 现代商业企业经营与管理知识丛书 | |
| 单 册: | ||
| 中图分类: | D912.290.1 | |
| 科图分类: | ||
| 主题词: | 经济法--法学 | |
| 电子资源: | ||
| ISBN: | 7-5044-1179-5 | |
| 000 | 00829nam2 2200265 450 | |
| 001 | 0100343797 | |
| 005 | 20020928000000.0 | |
| 010 | @a7-5044-1179-5@dCNY3.20 | |
| 011 | @a7-5044-1179-5 | |
| 100 | @a19911215d1991 em y0chiy0110 ea | |
| 101 | 0 | @achi |
| 102 | @aCN@b110000 | |
| 105 | @ay z 000yy | |
| 106 | @ar | |
| 200 | 1 | @a经济法基础知识@9Jing Ji Fa Ji Chu Zhi Shi;Zhi @f刘 超等主编@b专著 |
| 210 | @a北京@c中国商业出版社@d1991.5 | |
| 215 | @a255页@d19厘米 | |
| 225 | 2 | @a现代商业企业经营与管理知识丛书 |
| 330 | @a本书从经济法的概念、产生和发展、经济法律关系等方面阐述了经济法的基础知识。 | |
| 410 | 0 | @12001 @a现代商业企业经营与管理知识丛书 |
| 606 | 0 | @a经济法@x法学 |
| 690 | @aD912.290.1 | |
| 701 | 0 | @a刘超@9liu chao@4主编 |
| 801 | 0 | @aCN@bAiZhiMarc@c19911215 |
| 905 | @aBZT@dD912.290.1@e5@f2@sD912.290.1/5 | |
| 经济法基础知识/刘 超等主编.-北京:中国商业出版社,1991.5 |
| 255页;19厘米.-(现代商业企业经营与管理知识丛书) |
| ISBN 7-5044-1179-5:CNY3.20 |
| 本书从经济法的概念、产生和发展、经济法律关系等方面阐述了经济法的基础知识。 |
| ● |
| 相关链接 |
|
|
|
正题名:经济法基础知识
索取号:D912.290.1/5
 
预约/预借
| 序号 | 登录号 | 条形码 | 馆藏地/架位号 | 状态 | 备注 |
| 1 | 2000136584 | 2000136584 | 旧书回溯/ [索取号:D912.290.1/5] | 在馆 | |
| 2 | 2000136592 | 2000136592 | 旧书回溯/ [索取号:D912.290.1/5] | 在馆 |